Statystyki dla Polskie miasta na literę "N"

Kliknij tutaj aby rozwiązać quiz!

Ogólne statystyki

  • Ten quiz został rozwiązany 521 razy
  • Średni wynik to 7 z 15

Statystyki odpowiedzi

ludnośćmiasto% Poprawnych
83 600Nowy Sącz
82%
33 300Nowy Targ
72%
44 300Nysa
59%
16 600Namysłów
55%
28 700Nowy Dwór Mazowiecki
50%
14 400Nowy Tomyśl
49%
38 600Nowa Sól
47%
14 200Nisko
44%
18 200Nakło Nad Notecią
43%
13 900Nidzica
40%
10 100Nowe Miasto Lubawskie
32%
16 800Nowogard
29%
14 000Niepołomice
28%
22 000Nowa Ruda
27%
11 300Nowa Dęba
13%

Rozkład punktacji

Percentyl według liczby udzielonych odpowiedzi

Procent ludzi z każdym wynikiem

Twoja historia wyników

Nie rozwiązałeś tego quizu